| LEADER 01174nam 2200277 a 4500 |
| 001 12334103383 |
| 003 ULIB |
| 008 030417s2550 th a sb 001 0 tha |
| 020 ^a978-974-7454-75-8
|
| 060 04 ^aWF553^bค695 2550
|
| 100 ^aเอื้อมพร สกุลแก้ว
|
| 245 ^aคู่มือโรคหอบหืด-ภูมิแพ้ /^cบรรณาธิการ เอื้อมพร สกุลแก้ว
|
| 250 ^aพิมพ์ครั้งที่ 1
|
| 260 ^aกรุงเทพฯ :^bใกล้หมอ,^c2550
|
| 300 ^a159 หน้า
|
| 650 7 ^aโรคหืด
|
| 650 7 ^aโรคภูมิแพ้
|
| 650 7 ^aหืด^xโรค
|
| 700 ^aเอื้อมพร สกุลแก้ว,^eบรรณาธิการ
|
| 710 2 ^aกองบรรณาธิการ "ใกล้หมอ"
|
| 913 ^aImported by ULIBM Administrator
|
| 949 ^aImport form external file by ULIBM system
|
| 999 ^aอรทัย
|